000 00511nam a2200097Ia 4500
008 170517s9999 xx 000 0 und d
245 _aCan't Stop Eating
300 _aCan't Stop Eating is documentary film that follows the lives of several people with Prader-Willi Syndrome (PWS). The film is set in Gretton House, near Kettering in England, which is a government-funded care home deliberately constructed to assist people...
650 _xTechnology.
856 _uhttp://topdocumentaryfilms.com/cant-stop-eating/
999 _c335021
_d335021